[Event "World Amateur U2300"]
[Site "masterchessopen.com Spoleto ITA"]
[Date "2017.04.02"]
[Round "3.11"]
[White "Rahul Kumar,P"]
[Black "Adamova,T"]
[Result "1-0"]
[WhiteElo "2228"]
[BlackElo "1984"]
[EventType "swiss"]

1.d4 d5 2.Bf4 Nf6 3.e3 c5 4.Nc3 a6 5.Be2 Nc6 6.Nf3 Bf5 7.Ne5 cxd4 8.exd4 Qb6
9.Nxc6 bxc6 10.Na4 Qa5+ 11.c3 e6 12.O-O Be7 13.b4 Qd8 14.Nc5 Qc8 15.Bd3 Bxd3
16.Qxd3 O-O 17.a4 Nd7 18.a5 Nxc5 19.bxc5 f6 20.Qe3 Bd8 21.Rfe1 Re8 22.Qg3 Ra7
23.Qd3 Qa8 24.Bd6 Rb7 25.c4 dxc4 26.Qxc4 Kf7 27.f4 g6 28.g4 f5 29.g5 Rb5
30.Ra3 Qc8 31.Qe2 Bc7 32.Be5 Qd7 33.h4 Rb4 34.Rd3 Bxa5 35.h5 Rg8 36.Rh3 Qc8
37.hxg6+ hxg6 38.Rh7+ Ke8 39.Bf6 Kf8 40.Qe5 Rb7 41.Qd6+ {#r} 1-0

[Event "World Amateur U2300"]
[Site "masterchessopen.com Spoleto ITA"]
[Date "2017.04.02"]
[Round "3.16"]
[White "Quinzio,M"]
[Black "Bognar,C"]
[Result "0-1"]
[WhiteElo "2013"]
[BlackElo "2166"]
[EventType "swiss"]

1.d4 Nf6 2.Nf3 g6 3.Bf4 Bg7 4.e3 O-O 5.h3 d6 6.Be2 Nbd7 7.c3 Qe8 8.Nbd2 e5
9.dxe5 dxe5 10.Bh2 Qe7 11.Nc4 Ne8 12.e4 Kh8 13.g4 f5 14.gxf5 gxf5 15.exf5 Rxf5
16.Ne3 Rf8 17.Bg3 e4 18.Nd4 Ne5 19.Qc2 c5 20.Nb3 b6 21.O-O-O Bb7 22.Rhg1 Nf3
23.Bxf3 exf3 24.Qd2 Rf7 25.Na1 Qe6 26.Kb1 Nf6 27.Qd6 Qe8 28.Be5 {#R} 0-1

[Event "World Amateur U2300"]
[Site "masterchessopen.com Spoleto ITA"]
[Date "2017.04.02"]
[Round "3.18"]
[White "Karmov,M"]
[Black "Menichelli,A"]
[Result "1-0"]
[WhiteElo "2135"]
[BlackElo "1998"]
[EventType "swiss"]

1.e4 c5 2.Nc3 g6 3.g3 Bg7 4.Bg2 Nc6 5.f4 d6 6.d3 Nf6 7.Nf3 O-O 8.O-O Rb8 9.h3
b5 10.a3 Nd7 11.Ne2 a5 12.c3 b4 13.axb4 axb4 14.d4 bxc3 15.bxc3 cxd4 16.Nfxd4
Nxd4 17.Nxd4 Qc7 18.Ra3 Nc5 19.Qc2 Ba6 20.Rd1 Bc4 21.Be3 Ra8 22.Qb2 Rab8
23.Qf2 Bd3 24.e5 Be4 25.Bf1 Ba8 26.exd6 Qxd6 27.Ra5 Qc7 28.Rxa8 Rxa8 29.Nb5
Ne4 30.Nxc7 Nxf2 31.Bxf2 Rfd8 32.Rxd8+ Rxd8 33.c4 e6 34.Nb5 Rc8 35.Nd6 Rc7
36.Ne8 Rc8 37.Nxg7 Kxg7 38.c5 Kf8 39.Bb5 Ke7 40.c6 {#r} 1-0

[Event "World Amateur U2300"]
[Site "masterchessopen.com Spoleto ITA"]
[Date "2017.04.02"]
[Round "3.19"]
[White "Sandhya,G"]
[Black "Grinev,B"]
[Result "0-1"]
[WhiteElo "1845"]
[BlackElo "2129"]
[EventType "swiss"]

1.e4 g6 2.d4 Bg7 3.Be3 d5 4.Nc3 c6 5.Qd2 dxe4 6.Nxe4 Nf6 7.Nxf6+ Bxf6 8.O-O-O
Be6 9.Kb1 Nd7 10.h4 h5 11.f3 Nb6 12.Bf4 Qd5 13.b3 Rd8 14.Ne2 c5 15.dxc5 Qxd2
16.Bxd2 Nd5 17.Kc1 O-O 18.c4 Nc7 19.Nf4 Bf5 20.Be2 e5 21.g4 hxg4 22.Ng2 gxf3
23.Bxf3 e4 24.Be2 Ne6 25.Ne3 Nf4 26.Rde1 Be6 27.Kc2 Nd3 28.Ref1 Be5 29.h5 Nf4
30.Bd1 g5 31.Rfg1 f6 32.h6 Rd3 33.Nd5 Bxd5 34.Bxf4 Bxf4 35.cxd5 Rd2+ 36.Kb1
Rxd5 37.b4 Kh7 38.Bb3 Rd4 39.a3 e3 40.Bc2+ f5 41.Rh3 Rd2 42.Rgh1 Rf6 43.Rf3
Rf2 44.Rfh3 g4 45.Rh5 Bxh6 46.Bd3 g3 47.Rg1 g2 48.Rh2 Rg6 49.Rh5 Rg5 50.Rh3 e2
{#R} 0-1

[Event "World Amateur U2300"]
[Site "masterchessopen.com Spoleto ITA"]
[Date "2017.04.02"]
[Round "3.20"]
[White "Guerrero Fuentes,C"]
[Black "Lopez,Jorge Hernan"]
[Result "1-0"]
[WhiteElo "2073"]
[BlackElo "1962"]
[EventType "swiss"]

1.d4 Nf6 2.Nf3 g6 3.c4 Bg7 4.Nc3 O-O 5.e4 d6 6.Be2 e5 7.O-O Nc6 8.d5 Ne7 9.b4
Ne8 10.c5 f5 11.Nd2 f4 12.Nc4 Rf7 13.a4 Bf8 14.Ba3 Rg7 15.b5 g5 16.Bg4 Nf6
17.Bxc8 Rxc8 18.Qb3 Ng6 19.a5 Kh8 20.b6 axb6 21.axb6 dxc5 22.Rfd1 Bd6 23.bxc7
Qxc7 24.Nb5 Qd8 25.Ncxd6 c4 26.Qc2 Rb8 27.Nxc4 f3 28.g3 Nf4 29.Nxe5 Ne2+
30.Kf1 Rc8 31.Qd3 {#r} 1-0

[Event "World Amateur U2300"]
[Site "masterchessopen.com Spoleto ITA"]
[Date "2017.04.02"]
[Round "3.22"]
[White "Sahil,Tic"]
[Black "Trasciatti,M"]
[Result "1-0"]
[WhiteElo "2222"]
[BlackElo "2017"]
[EventType "swiss"]

1.Nf3 d5 2.c4 d4 3.e3 c5 4.b4 dxe3 5.fxe3 e6 6.bxc5 Bxc5 7.d4 Bb4+ 8.Bd2 Qa5
9.Bd3 Bxd2+ 10.Qxd2 Qxd2+ 11.Nbxd2 Nf6 12.Rb1 Nbd7 13.h3 O-O 14.Ke2 Re8 15.Ne4
Nxe4 16.Bxe4 Rb8 17.Kf2 f5 18.Bd3 b6 19.g4 Bb7 20.gxf5 e5 21.c5 Bxf3 22.Kxf3
exd4 23.exd4 bxc5 24.Bc4+ Kf8 25.Be6 Nf6 26.dxc5 Ke7 27.Rhd1 g6 28.Rxb8 Rxb8
29.c6 Ne8 30.c7 Nxc7 31.Rd7+ Kf6 32.Rxc7 gxf5 33.Bb3 a5 34.Rxh7 Rd8 35.Rh4 Kg5
36.Ra4 {#r} 1-0

[Event "World Amateur U2300"]
[Site "masterchessopen.com Spoleto ITA"]
[Date "2017.04.02"]
[Round "3.24"]
[White "Isaakidis,Alexandros"]
[Black "Ouazri,Anass"]
[Result "1-0"]
[WhiteElo "2042"]
[BlackElo "2135"]
[EventType "swiss"]

1.e4 c5 2.Nf3 g6 3.d4 cxd4 4.Nxd4 Bg7 5.c4 Nc6 6.Be3 Nf6 7.Nc3 Ng4 8.Qxg4 Nxd4
9.Qd1 e5 10.Bd3 O-O 11.O-O d6 12.Rc1 Be6 13.Nd5 f5 14.exf5 Nxf5 15.Be4 Nxe3
16.Nxe3 Rb8 17.Qd3 Qd7 18.Rfd1 Rbd8 19.Rc2 Rf7 20.Bd5 Bh6 21.Qa3 b6 22.Rcd2
Bf8 23.b4 Bxd5 24.Rxd5 Qe6 25.c5 bxc5 26.bxc5 Rfd7 27.Qa6 Qe7 28.Qc6 Rc7
29.cxd6 Rxd6 30.Qxd6 Qxd6 31.Rxd6 Bxd6 32.Rxd6 Kf7 33.Kf1 Ke7 34.Ra6 Rd7
35.Ng4 e4 36.Ne5 Rd2 37.Rxa7+ Ke6 38.Nc4 Rc2 39.Ne3 Rb2 40.Ra6+ Kd7 41.g4 Kc7
42.Ra7+ Kc6 43.Rxh7 Rxa2 44.Rg7 Kd6 45.Rxg6+ Ke5 46.Rg5+ Kd4 47.Rd5+ Kc3 48.g5
{#r} 1-0

[Event "World Amateur U2300"]
[Site "masterchessopen.com Spoleto ITA"]
[Date "2017.04.02"]
[Round "3.26"]
[White "Calandri,F"]
[Black "Rivola,F"]
[Result "1-0"]
[WhiteElo "2107"]
[BlackElo "1913"]
[EventType "swiss"]

1.e4 e6 2.d4 d5 3.Nd2 dxe4 4.Nxe4 Bd7 5.Nf3 Bc6 6.Bd3 Nd7 7.O-O Ngf6 8.Ned2
Nd5 9.Re1 Nf4 10.Bf1 Be7 11.Nc4 Ng6 12.Na5 Bxf3 13.Qxf3 c6 14.Nxb7 Qb6 15.Nc5
Nxc5 16.dxc5 Bxc5 17.b4 Bd4 18.Be3 Bxe3 19.Rxe3 O-O 20.a3 Rfd8 21.Rd1 Rxd1
22.Qxd1 Rd8 23.Rd3 Rxd3 24.Qxd3 Qc7 25.g3 Ne5 26.Qc3 Qd6 27.Be2 h6 28.f4 Ng6
29.Bd3 Ne7 30.Kf2 Nf5 31.Bxf5 exf5 32.Qd3 Qe6 33.Qd8+ Kh7 34.Qd4 Qe4 35.Qxe4
fxe4 36.f5 g6 37.g4 h5 38.h3 hxg4 39.hxg4 gxf5 40.gxf5 Kh6 41.Ke3 Kg5 42.Kxe4
f6 43.a4 a6 44.c4 {#r} 1-0

[Event "World Amateur U2300"]
[Site "masterchessopen.com Spoleto ITA"]
[Date "2017.04.02"]
[Round "3.28"]
[White "Palma,Maria"]
[Black "Faraoni,E"]
[Result "0-1"]
[WhiteElo "1976"]
[BlackElo "2062"]
[EventType "swiss"]

1.c4 e5 2.g3 Nc6 3.Bg2 g5 4.e3 Bg7 5.Nc3 d6 6.Nge2 Nge7 7.O-O Ng6 8.d3 h5 9.f4
exf4 10.exf4 Bg4 11.h3 Bd4+ 12.Kh1 Qd7 13.Qe1 O-O-O 14.Nxd4 Nxd4 15.Qe4 Nc6
16.hxg4 hxg4+ 17.Kg1 f5 18.Qd5 Rde8 19.Qb5 a6 20.Bxc6 bxc6 21.Qxa6+ Kb8 22.Nb5
cxb5 23.Qxb5+ Qxb5 24.cxb5 Re2 25.Rf2 Re1+ 26.Rf1 Rxf1+ 27.Kxf1 gxf4 28.Kg2
fxg3 29.Kxg3 Rh3+ 30.Kg2 Nh4+ {#R} 0-1

[Event "World Amateur U2300"]
[Site "masterchessopen.com Spoleto ITA"]
[Date "2017.04.02"]
[Round "3.30"]
[White "Fiori,H"]
[Black "Conti,J"]
[Result "1-0"]
[WhiteElo "2158"]
[BlackElo "2037"]
[EventType "swiss"]

1.e4 c5 2.Nf3 e6 3.d4 cxd4 4.Nxd4 Nc6 5.Nc3 Qc7 6.Ndb5 Qb8 7.f4 a6 8.Nd4 Bb4
9.Nxc6 bxc6 10.Bd3 d5 11.O-O Nf6 12.e5 Nd7 13.Qg4 g6 14.Qh3 a5 15.Re1 Nc5
16.a3 Bxc3 17.bxc3 Ba6 18.Be3 Nxd3 19.cxd3 Bxd3 20.Bc5 Bf5 21.Qh4 Qd8 22.Qh6
Kd7 23.Qg7 Qe8 24.Bd6 h5 25.Re2 h4 26.Rb2 Kc8 27.Rb6 a4 28.c4 dxc4 29.Rc1 Bd3
30.Kf2 Rh5 31.Ke3 Rf5 32.Rg1 Qd7 33.g4 hxg3 34.hxg3 g5 35.Rh1 Qa7 36.Qf8+ {#r}
1-0

[Event "World Amateur U2300"]
[Site "masterchessopen.com Spoleto ITA"]
[Date "2017.04.02"]
[Round "3.31"]
[White "Nicolo,F"]
[Black "Lujan,Nelson"]
[Result "0-1"]
[WhiteElo "2064"]
[BlackElo "2012"]
[EventType "swiss"]

1.e4 c5 2.Nc3 Nc6 3.Bb5 Nd4 4.Bc4 e6 5.Nge2 Nxe2 6.Qxe2 a6 7.a4 d6 8.O-O g6
9.f4 Ne7 10.f5 exf5 11.exf5 Bxf5 12.d3 Bg7 13.Nd5 h6 14.g4 Be6 15.Nf6+ Bxf6
16.Rxf6 d5 17.Bb3 Qd7 18.a5 Nc6 19.Ba4 O-O-O 20.Bxc6 Qxc6 21.Bf4 h5 22.g5 Rhe8
23.Qe5 d4 24.c4 dxc3 25.bxc3 Rd5 26.Qb8+ Kd7 27.Qa7 Ke7 28.Rb1 Rd7 29.c4 Kf8
30.Be3 Kg8 31.Bxc5 Rxd3 32.Rxb7 Rd1+ 33.Kf2 Rf1+ {#R} 0-1

[Event "ch-URU 2017"]
[Site "masterchessopen.com Montevideo URU"]
[Date "2017.04.02"]
[Round "9.2"]
[White "Carbone,D"]
[Black "Roselli Mailhe,B"]
[Result "0-1"]
[WhiteElo "2149"]
[BlackElo "2426"]

1.c4 e5 2.g3 Nf6 3.Bg2 d5 4.cxd5 Nxd5 5.Nc3 Ne7 6.Nf3 Nbc6 7.O-O g6 8.Rb1 Bg7
9.b4 a6 10.a4 O-O 11.d3 h6 12.b5 axb5 13.axb5 Nd4 14.Nd2 Ra7 15.e3 Ne6 16.Nc4
b6 17.Ba3 Bb7 18.Bxb7 Rxb7 19.Qf3 Rb8 20.Bxe7 Qxe7 21.Nd5 Qd8 22.Nb4 Ra8
23.Rfd1 Qd7 24.Nd5 Rae8 25.Nf6+ Bxf6 26.Qxf6 Ng5 27.Qc6 Qg4 28.Qg2 e4 29.dxe4
Nf3+ 30.Kh1 Qxe4 31.Rbc1 Rd8 32.Ne5 Rxd1+ 33.Rxd1 Qxe5 34.Qxf3 Qxb5 35.Qf4 c5
36.h4 c4 37.Qc7 Qf5 38.Kg2 b5 39.Rd4 Qc8 40.Qa5 Qc6+ 41.Kh2 c3 42.Rd3 c2 {#R}
0-1

[Event "ch-URU 2017"]
[Site "masterchessopen.com Montevideo URU"]
[Date "2017.04.02"]
[Round "9.5"]
[White "Benoit,Rodrigo"]
[Black "Larrea,M"]
[Result "1-0"]
[WhiteElo "2114"]
[BlackElo "2274"]

1.e4 c5 2.Nf3 Nc6 3.Bb5 g6 4.O-O Bg7 5.Re1 Nf6 6.Nc3 O-O 7.Bxc6 dxc6 8.d3 b6
9.h3 Ne8 10.Bf4 Nc7 11.Be5 f6 12.Bg3 e5 13.a4 Ne6 14.Ne2 Ba6 15.a5 b5 16.c3
Qe7 17.d4 Rad8 18.Qb3 c4 19.Qc2 Ng5 20.Nd2 c5 21.d5 Nf7 22.f4 Bh6 23.Nf3 Bc8
24.fxe5 Nxe5 25.Nxe5 fxe5 26.Rf1 Be3+ 27.Kh2 h5 28.Ng1 h4 29.Bf2 Bf4+ 30.Kh1
g5 31.Qe2 Rf7 32.Be3 Rdf8 33.Rf2 Rg7 34.Rd1 g4 35.d6 Qg5 36.Bxc5 gxh3 37.d7
Qg3 38.gxh3 Bxd7 39.Bxf8 Kxf8 40.Rg2 {#r} 1-0

[Event "11th ch-SRB w 2017"]
[Site "masterchessopen.com Zemun SRB"]
[Date "2017.04.02"]
[Round "5.1"]
[White "Velikic,A"]
[Black "Nestorovic,Katarina"]
[Result "1-0"]
[WhiteElo "2167"]
[BlackElo "2046"]

1.e4 c5 2.Nf3 d6 3.d4 cxd4 4.Nxd4 Nf6 5.Nc3 a6 6.g3 b5 7.Bg2 Bb7 8.O-O e6
9.Re1 Qc7 10.a4 b4 11.Na2 Nc6 12.Nxc6 Qxc6 13.Nxb4 Qc4 14.Bd2 Nxe4 15.Bxe4
Bxe4 16.b3 Qd4 17.c3 Qe5 18.f3 Qc5+ 19.Be3 Qxc3 20.Na2 Qf6 21.fxe4 Be7 22.Nb4
h5 23.Qc2 O-O 24.Nc6 {#r} 1-0

[Event "11th ch-SRB w 2017"]
[Site "masterchessopen.com Zemun SRB"]
[Date "2017.04.02"]
[Round "5.2"]
[White "Miladinovic,L"]
[Black "Kovacevic,Radmila"]
[Result "1-0"]
[WhiteElo "2168"]
[BlackElo "2170"]

1.d4 Nf6 2.Nf3 e6 3.e3 c5 4.Bd3 Nc6 5.O-O d5 6.b3 Bd6 7.Bb2 O-O 8.c4 b6 9.Nbd2
Bb7 10.Rc1 Rc8 11.cxd5 exd5 12.Bf5 Rc7 13.Ne5 Ne7 14.Bb1 Ba6 15.Re1 cxd4
16.Bxd4 Ba3 17.Rxc7 Qxc7 18.Ng4 Ne4 19.Bxe4 dxe4 20.Nf6+ gxf6 21.Nxe4 Rd8
22.Nxf6+ Kf8 23.Nxh7+ Ke8 24.b4 Qc6 25.Qb3 Bc1 26.Nf6+ Kf8 27.Nh7+ Ke8 28.Nf6+
Kf8 29.Nh7+ Ke8 30.Qb1 Rc8 31.Nf6+ Kd8 32.Rd1 Be2 33.Bxb6# 1-0

[Event "TCh-CZE Extraliga 2016-17"]
[Site "masterchessopen.com Czech Republic CZE"]
[Date "2017.04.02"]
[Round "11.5"]
[White "Simek,P2"]
[Black "Oral,T"]
[Result "0-1"]
[WhiteElo "2380"]
[BlackElo "2503"]

1.d4 Nf6 2.c4 e6 3.g3 c5 4.d5 exd5 5.cxd5 b5 6.e4 Nxe4 7.Bg2 Qa5+ 8.Nd2 Nd6
9.Nf3 Be7 10.O-O O-O 11.Nb3 Qb6 12.Re1 Bf6 13.Ne5 Na6 14.Bf4 c4 15.Nd4 Nc5
16.Ng4 Bxd4 17.Qxd4 Nf5 18.Qd2 d6 19.Be4 Bd7 20.Bc2 Rae8 21.Nh6+ Nxh6 22.Bxh6
gxh6 23.Qxh6 f5 24.Qg5+ Kh8 25.Rxe8 Bxe8 26.Qe7 Kg8 {#R} 0-1

[Event "TCh-CZE Extraliga 2016-17"]
[Site "masterchessopen.com Czech Republic CZE"]
[Date "2017.04.02"]
[Round "11.6"]
[White "Bednar,Ma"]
[Black "Babula,V"]
[Result "0-1"]
[WhiteElo "2282"]
[BlackElo "2545"]

1.d4 Nf6 2.c4 e6 3.Nc3 Bb4 4.e3 O-O 5.Ne2 d5 6.a3 Bd6 7.c5 Be7 8.b4 b6 9.Nf4
c6 10.Nd3 Nbd7 11.f4 a5 12.Bd2 Ba6 13.Be2 Bc4 14.O-O Qc7 15.Ne5 axb4 16.axb4
Rxa1 17.Qxa1 Bxe2 18.Nxe2 Nxe5 19.fxe5 Ne4 20.Qa2 bxc5 21.bxc5 Bg5 22.Ra1 f6
23.Nf4 Qf7 24.exf6 Qxf6 25.Rf1 e5 26.dxe5 Qxe5 27.Nd3 Rxf1+ 28.Kxf1 Qxh2
29.Qa8+ Kf7 30.Qb7+ Be7 31.Be1 Qh1+ {#R} 0-1

[Event "ch-Moscow Final 2017"]
[Site "masterchessopen.com Moscow RUS"]
[Date "2017.04.03"]
[Round "3.1"]
[White "Sarana,A"]
[Black "Gordievsky,D"]
[Result "0-1"]
[WhiteElo "2464"]
[BlackElo "2596"]

1.d4 Nf6 2.c4 b6 3.Nf3 Bb7 4.g3 c5 5.d5 b5 6.Bg2 d6 7.O-O bxc4 8.Nc3 Nbd7 9.e4
g6 10.e5 Nxe5 11.Nxe5 dxe5 12.Qa4+ Qd7 13.Qxc4 Bg7 14.Qxc5 O-O 15.Be3 Rfb8
16.Rfd1 Ne8 17.Qa5 Nd6 18.b3 Nf5 19.Bc5 Rc8 20.Rd3 e4 21.Bxe4 Qc7 22.Bb4 Qxa5
23.Bxa5 Ba6 24.Bxf5 gxf5 25.Rf3 Rab8 26.Rc1 Rb5 27.Bd8 Rbc5 28.Bxe7 Rxc3
29.Rfxc3 Rxc3 30.Rxc3 Bxc3 31.Bc5 Bb7 32.d6 Bc6 33.Bxa7 Bb4 34.f4 Bxd6 35.Kf2
Kg7 36.Ke3 Kf6 37.Kd4 Ke6 38.Kc4 Bf3 39.Kd4 Be7 40.Bb8 Ba3 41.Kc4 Be4 42.Be5
Bb1 43.Kc3 Kd5 44.Bd4 Bxa2 45.Be3 Ke4 46.Bd2 Kf3 {#R} 0-1

[Event "ch-Moscow Final 2017"]
[Site "masterchessopen.com Moscow RUS"]
[Date "2017.04.03"]
[Round "3.8"]
[White "Koshevoy,S"]
[Black "Apryshko,G"]
[Result "0-1"]
[WhiteElo "2206"]
[BlackElo "2334"]

1.d4 g6 2.c4 Bg7 3.Nf3 f5 4.g3 c5 5.Nc3 cxd4 6.Nxd4 Nc6 7.e3 Nf6 8.Bg2 O-O
9.O-O a6 10.b3 Rb8 11.a4 Na5 12.Qc2 Kh8 13.Rd1 b6 14.Ne6 dxe6 15.Rxd8 Rxd8
16.Bb2 Bb7 17.Rd1 Bxg2 18.Kxg2 Nc6 19.Ba3 Rxd1 20.Qxd1 Rd8 21.Qc2 a5 22.h3 Nb4
23.Qe2 Nd7 24.Qd2 Nc6 25.Qc2 Nc5 26.Nb1 Nb4 27.Qe2 Nxb3 28.Bxb4 axb4 29.Qe1
Nd2 30.Nxd2 Bc3 31.Qd1 Rxd2 32.Qf3 b3 33.e4 Bd4 34.Qxb3 Rxf2+ 35.Kh1 fxe4
36.c5 e3 37.Qd3 Bxc5 38.Qe4 e2 39.Qe5+ Kg8 40.Qxe6+ Kf8 41.Qc8+ Kg7 {#R} 0-1

[Event "ch-Moscow Final 2017"]
[Site "masterchessopen.com Moscow RUS"]
[Date "2017.04.03"]
[Round "3.10"]
[White "Savenkov,K"]
[Black "Mikhailovsky,Vladimir"]
[Result "1-0"]
[WhiteElo "2324"]
[BlackElo "2175"]

1.Nf3 Nf6 2.g3 b5 3.Bg2 Bb7 4.O-O d6 5.Re1 e5 6.e4 c5 7.a4 a6 8.axb5 axb5
9.Rxa8 Bxa8 10.d4 Nbd7 11.dxe5 dxe5 12.Bg5 Qb8 13.Nc3 b4 14.Nd5 Nxd5 15.exd5
Bd6 16.Nh4 f6 17.Qh5+ Kd8 18.Bd2 Kc7 19.c3 g6 20.Qf3 Qb5 21.Rc1 Kb8 22.Bf1 c4
23.cxb4 Qxd5 24.Qxd5 Bxd5 25.Ng2 Bf7 26.Ne3 Nb6 27.Nxc4 Nxc4 28.Bxc4 Bxc4
29.Rxc4 Kb7 30.b5 Bc7 31.Kf1 Rd8 32.Rxc7+ Kxc7 33.Ba5+ Kc8 34.Bxd8 Kxd8 35.Ke2
Kc7 36.Kd3 Kd6 37.Kc4 f5 38.h4 f4 39.b6 e4 40.gxf4 {#r} 1-0

[Event "ch-Moscow Women 2017"]
[Site "masterchessopen.com Moscow RUS"]
[Date "2017.04.03"]
[Round "3.3"]
[White "Smirnova,Ek"]
[Black "Fominykh,M"]
[Result "1-0"]
[WhiteElo "2202"]
[BlackElo "2301"]

1.d4 Nf6 2.c4 c5 3.d5 e6 4.Nc3 exd5 5.cxd5 d6 6.e4 g6 7.f4 Bg7 8.Bb5+ Nfd7
9.a4 O-O 10.Nf3 Qe7 11.O-O Na6 12.f5 Nc7 13.Bd3 a6 14.Bg5 Bf6 15.Bxf6 Qxf6
16.Qd2 Ne5 17.Nxe5 Qxe5 18.f6 Qd4+ 19.Rf2 Bd7 20.Rd1 c4 21.Qh6 Ne8 22.Be2 Qe5
23.Rdf1 b5 24.Rf4 Qd4+ 25.Kh1 Qd2 26.g4 b4 27.g5 bxc3 28.Rh4 Nxf6 29.Rxf6 Qe1+
30.Rf1 Qxh4 31.Qxh4 cxb2 32.Bxc4 Rac8 33.Bd3 Rc1 34.Qf4 Rxf1+ 35.Qxf1 Rc8
36.Qf6 Rb8 37.Bb1 Bxa4 38.Kg2 Bd1 39.Qxd6 Rc8 40.Qb4 {#r} 1-0

[Event "19th Dubai Open 2017"]
[Site "masterchessopen.com Dubai UAE"]
[Date "2017.04.03"]
[Round "1.1"]
[White "Abbasov,V"]
[Black "Korobov,A"]
[Result "1-0"]
[WhiteElo "2211"]
[BlackElo "2695"]

1.e4 c5 2.Nf3 d6 3.d4 cxd4 4.Nxd4 Nf6 5.Nc3 a6 6.Bc4 e6 7.Bb3 Be7 8.g4 h6
9.Be3 Nc6 10.f3 d5 11.exd5 Nxd5 12.Nxd5 exd5 13.Qe2 O-O 14.O-O-O Re8 15.Kb1
Bf6 16.Qd2 Ne5 17.h4 Bxh4 18.Bxh6 gxh6 19.Qxh6 Bf6 20.Nf5 Bxf5 21.gxf5 Bg7
22.Rdg1 Ng6 23.Qh7+ Kf8 24.fxg6 f5 25.Rd1 Qf6 26.c3 Re2 27.Rh2 Rxh2 28.Qxh2
Qxg6 29.Rxd5 Re8 30.a3 f4+ 31.Ka2 Qf6 32.Qh5 {#r} 1-0

[Event "19th Dubai Open 2017"]
[Site "masterchessopen.com Dubai UAE"]
[Date "2017.04.03"]
[Round "1.2"]
[White "Areshchenko,A"]
[Black "Dimarucut,Francis Erwin"]
[Result "1-0"]
[WhiteElo "2686"]
[BlackElo "2211"]

1.e4 d6 2.d4 Nf6 3.Nc3 e5 4.Nf3 Nbd7 5.Bc4 Be7 6.a4 O-O 7.O-O c6 8.Re1 exd4
9.Nxd4 Ne5 10.Bb3 Ng6 11.h3 Re8 12.f4 Qc7 13.Be3 Bf8 14.Qf3 Bd7 15.g4 c5
16.Ndb5 Bxb5 17.axb5 c4 18.b6 axb6 19.Ba4 Rxa4 20.Rxa4 Qc6 21.Rb4 Nxe4 22.Rxb6
Nh4 23.Qxe4 Qxe4 24.Nxe4 Nf3+ 25.Kf2 Nxe1 26.Kxe1 Rxe4 27.Kf2 d5 28.Rxb7 d4
29.Bd2 d3 30.cxd3 cxd3 31.Kf3 Re2 32.Bc3 Rh2 33.Kg3 Rc2 34.Rd7 h5 35.gxh5 Ba3
36.h6 Bxb2 37.Rd8+ {#r} 1-0

[Event "19th Dubai Open 2017"]
[Site "masterchessopen.com Dubai UAE"]
[Date "2017.04.03"]
[Round "1.3"]
[White "Nishant,M"]
[Black "Safarli,E"]
[Result "0-1"]
[WhiteElo "2197"]
[BlackElo "2680"]

1.d4 Nf6 2.c4 g6 3.Nc3 d5 4.Bg5 Ne4 5.Bh4 Nxc3 6.bxc3 dxc4 7.e3 Be6 8.Nh3 Bh6
9.Bg5 Bxg5 10.Nxg5 Bd5 11.e4 h6 12.exd5 hxg5 13.Bxc4 Qd6 14.h3 Nd7 15.Qg4 Rh5
16.O-O Nf6 17.Qg3 Qxg3 18.fxg3 g4 19.hxg4 Rg5 20.Rab1 b6 21.Rbe1 Kf8 22.Re5
Rxg4 23.Be2 Rxg3 24.Bf3 Nd7 25.Re2 Re8 26.c4 Rg5 27.a4 a5 28.c5 bxc5 29.dxc5
Nxc5 30.Rc2 Nxa4 31.Ra1 Nb6 32.Rxa5 Rd8 33.Rcc5 Rd7 34.Kf2 Re5 35.g4 Kg7
36.Kg3 g5 37.Kf2 Nc8 38.Ra8 Nd6 39.Ra4 Ne8 40.Ra7 Rd6 41.Rc1 Rf6 42.Ra8 Rxd5
43.Rxe8 Rd3 44.Rxe7 Rdxf3+ 45.Kg2 Rf2+ 46.Kg1 R2f4 {#R} 0-1

[Event "19th Dubai Open 2017"]
[Site "masterchessopen.com Dubai UAE"]
[Date "2017.04.03"]
[Round "1.4"]
[White "Anton Guijarro,D"]
[Black "Aditya,Mittal"]
[Result "1-0"]
[WhiteElo "2679"]
[BlackElo "2183"]

1.Nf3 d5 2.b3 Nf6 3.Bb2 e6 4.e3 Nbd7 5.d4 c5 6.Bd3 Bd6 7.O-O O-O 8.Nbd2 cxd4
9.exd4 b6 10.Qe2 Bb7 11.Ne5 Qe7 12.a3 Rfc8 13.f4 Nf8 14.c3 N6d7 15.a4 f5
16.Nxd7 Nxd7 17.Rae1 Re8 18.g4 g6 19.Qg2 Qg7 20.g5 a6 21.h4 Nf8 22.Qf3 Qc7
23.Kh2 Bc6 24.Kg3 Re7 25.Qe3 Ree8 26.Nf3 Nd7 27.Re2 Bf8 28.h5 Bg7 29.Rfe1 Kf7
30.Ba3 Qb7 31.Qd2 Qc7 32.Re3 Bb7 33.Qe2 Qc6 34.h6 Bf8 35.Bxf8 Kxf8 36.Rxe6
Rxe6 37.Qxe6 Qxe6 38.Rxe6 Kf7 39.Re1 Rc8 40.c4 a5 41.Ne5+ Nxe5 42.Rxe5 Kf8
43.Re6 dxc4 44.Rf6+ Ke8 45.Bxc4 Rd8 46.Rxb6 Be4 47.Re6+ Kf8 48.Rf6+ Ke8 49.Rf7
Rxd4 50.Rxh7 {#r} 1-0

[Event "19th Dubai Open 2017"]
[Site "masterchessopen.com Dubai UAE"]
[Date "2017.04.03"]
[Round "1.5"]
[White "Geldyeva,M"]
[Black "Akopian,Vl"]
[Result "0-1"]
[WhiteElo "2182"]
[BlackElo "2675"]

1.d4 Nf6 2.c4 e6 3.Nf3 c5 4.d5 d6 5.Nc3 exd5 6.cxd5 g6 7.Bg5 h6 8.Bf4 Bg7
9.Nd2 Nh5 10.Be3 Nd7 11.g4 Nhf6 12.h3 O-O 13.Bg2 Re8 14.Nc4 Nb6 15.Nxb6 axb6
16.Bf4 b5 17.Qd2 b4 18.Nd1 Qe7 19.f3 Nxd5 {#R} 0-1

[Event "19th Dubai Open 2017"]
[Site "masterchessopen.com Dubai UAE"]
[Date "2017.04.03"]
[Round "1.6"]
[White "Iturrizaga,E"]
[Black "Mohammad Fahad,Rahman"]
[Result "1-0"]
[WhiteElo "2671"]
[BlackElo "2182"]

1.Nf3 Nf6 2.c4 e6 3.g3 c5 4.Bg2 d5 5.O-O d4 6.e3 Nc6 7.exd4 cxd4 8.d3 Be7
9.Re1 O-O 10.Na3 Nd7 11.Nc2 e5 12.a3 a5 13.Rb1 a4 14.Bd2 f6 15.Nb4 Nc5 16.Nh4
Nxb4 17.Bxb4 g5 18.Bd5+ Kh8 19.Ng2 Bd6 20.f4 exf4 21.gxf4 Qc7 22.Qh5 Bf5
23.Bxc5 Bxc5 24.Be4 Bxe4 25.Rxe4 Rg8 26.Kh1 Qc6 27.Rbe1 Raf8 28.Re6 Qc7 29.Qf3
b6 30.f5 Bd6 31.R1e4 Be5 32.Qd1 Qd7 33.Qe2 Qc7 34.Ne1 g4 35.Rxg4 Rxg4 36.Qxg4
Bxh2 37.Nf3 Bf4 38.Qh4 Be5 39.Nxe5 fxe5 40.Re7 Qc6+ 41.Kh2 h6 42.Re6 {#r} 1-0

[Event "19th Dubai Open 2017"]
[Site "masterchessopen.com Dubai UAE"]
[Date "2017.04.03"]
[Round "1.7"]
[White "Kumar,G"]
[Black "Jones,G"]
[Result "0-1"]
[WhiteElo "2172"]
[BlackElo "2671"]

1.e4 e5 2.Nf3 Nc6 3.d4 exd4 4.Nxd4 Bc5 5.Nxc6 bxc6 6.Nc3 d6 7.Qd3 Nf6 8.Be3
Bb6 9.f3 Nd7 10.O-O-O Ba6 11.Qd2 Qc8 12.f4 O-O 13.g4 Rb8 14.g5 Ba5 15.a3 Qb7
16.b4 Bxf1 17.Rdxf1 Bb6 18.Bxb6 Qxb6 19.e5 a5 20.exd6 axb4 21.axb4 cxd6
22.Qxd6 Qe3+ 23.Qd2 Qa7 24.Nb1 c5 25.Rd1 Rxb4 26.Qxd7 Qa2 27.Qf5 Qxb1+ 28.Kd2
Rd4+ {#R} 0-1

[Event "19th Dubai Open 2017"]
[Site "masterchessopen.com Dubai UAE"]
[Date "2017.04.03"]
[Round "1.9"]
[White "Srija,S"]
[Black "Sargissian,G"]
[Result "0-1"]
[WhiteElo "2166"]
[BlackElo "2666"]

1.e4 c6 2.d4 d5 3.e5 Bf5 4.Nf3 e6 5.Be2 Ne7 6.O-O Ng6 7.a4 c5 8.c3 Nc6 9.Be3
Be7 10.dxc5 Ngxe5 11.Nd4 Nxd4 12.cxd4 Nc6 13.Nc3 O-O 14.f4 h6 15.Bf3 b6 16.Rc1
Rb8 17.Qe2 bxc5 18.dxc5 Rb4 19.Nb5 Be4 20.Bxe4 Rxe4 21.b3 d4 22.Qf3 Rxe3
23.Qxc6 d3 24.Nd6 d2 25.Rcd1 Rd3 26.Nc4 Qd4+ 27.Kh1 Rxb3 28.Qa6 Rb4 29.Nxd2
Qxc5 30.Nb1 Rfb8 31.Rc1 Qb6 32.Rc8+ Rxc8 33.Qxc8+ Bf8 34.Nc3 Qd4 35.f5 Rc4
36.Qa8 Qd3 37.Kg1 Qxc3 38.fxe6 Qe3+ {#R} 0-1